000 00482nam a2200181Ia 4500
005 20250326142507.0
008 250326s9999 xx 000 0 und d
037 _aTextbook
040 _aFMSL
_beng
_cFMSL
041 _aeng
_2eng
084 _qFMSL
100 _aShtub A
_9746150
245 0 _aEnterprise resource planning : dynamics of OR
_cShtub A
260 _aLondon
_bLondon, KluwrAcad Publishers
_c1999
300 _a147p
942 _cTB
999 _c1295296
_d1295296